Personnages de Xenoblade Chronicles - Statistiques

Statistiques générales
  • Ce quiz a été pris 50 fois
  • Le résultat moyen est 17 sur 31
Statistiques - réponses
Indice Personnage % Correct
Héros de l'histoire Shulk
100%
Meilleur ami du héros Reyn
97%
Amie d'enfance du héros Fiora
94%
Héros de la Colonie 9 Dunban
89%
Héropon Riki
89%
Princesse Hayenthe Mélia
86%
Voyant travaillant pour la famille royale Hayenthe qui peut utiliser Monado Alvis
77%
Père adoptif du héros Dickson
77%
Infermière de la Colonie 6 Sharla
77%
Dieu de Bionis Zanza
77%
Titan ou vivent les Homs, les Hayenthes, les nopons et les géants Bionis
71%
Premier antagoniste de l'histoire Facia noir
71%
Garçon un peu trop téméraire de la Colonie 6 Juju
69%
Titan ou vivent les machinas Mékonis
69%
Deuxièmre facia rencontré Xord
60%
Fiancé de l'infermière et guerrier de la Colonie 6 Gadolt
54%
Déesse de Mékonis Meïnas
49%
Prince Hayenthe Kallian
43%
Seule femme des 3 disciples Lorithia
43%
Vieux colonel de la Colonie 6 Otharon
40%
Assassin de l'ordre de Bionis Tyrea
37%
Fille du chef de Mékonis Vanea
34%
Colonel de la Colonie 9 Vangarre
34%
Chef des mékons Egil
31%
Mère du prince Hayenthe Yumea
26%
Chef des Nopons Dunga
23%
Roi Hayenthe Sorean
23%
Femme du Héropon Oka
20%
Géant emprisonné au sommet de l'île prison Arglas
17%
Docteur Machina Linada
11%
Véritable chef de Mékonis caché dans le "Junks" Miqol
0%
Aucun quiz correspondant
Distribution des résultats
% des personnes avec chaque résultat
Percentile par nombre de réponses
Votre historique - résultats
Vous n’avez pas pris ce quiz